Low Data Rate Bpsk Demodulation In Presence Of Doppler (Record no. 233591)

MARC details
000 -LEADER
fixed length control field 00765nam a2200145Ia 4500
008 - FIXED-LENGTH DATA ELEMENTS--GENERAL INFORMATION
fixed length control field 231221s9999 xx 000 0 und d
041 ## - LANGUAGE CODE
Language code of text/sound track or separate title English
082 ## - DEWEY DECIMAL CLASSIFICATION NUMBER
Classification number JNEC15-1066
100 ## - MAIN ENTRY--PERSONAL NAME
Personal name Aghanash Karthik. Ashwin. R. Sambasiva Rao, V. Mahadevan, V.
245 #0 - TITLE STATEMENT
Title Low Data Rate Bpsk Demodulation In Presence Of Doppler
260 ## - PUBLICATION, DISTRIBUTION, ETC.
Date of publication, distribution, etc. 2015
500 ## - GENERAL NOTE
General note Low Data Rate Bpsk Demodulation In Presence Of Doppler Aghanash Karthik 1 Ashwin.R 2 , Dr.Sambasiva Rao.V 3 , Prof. V. Mahadevan4 1,2,3 Dept. of ECE, PESIT, Bangalore , 4 Dept. of TCE, PESIT, Bangalore International Journal of Combined Research & Development (IJCRD), eISSN:2321-225X; pISSN:2321-2241 Volume: 4; Issue: 5; August 2015.
650 ## - SUBJECT ADDED ENTRY--TOPICAL TERM
Topical term or geographic name entry element Low,Rate,Bpsk,Demodulation,Presence,Doppler
942 ## - ADDED ENTRY ELEMENTS (KOHA)
Koha item type Institutional repository
Holdings
Date last seen Total checkouts Full call number Accession number Price effective from Category Lost status Damaged status Department Withdrawn status Home library Current library Shelving location Entry date Grants Currency symbol Conversion rate Discount Old discount
26/01/2024   JNEC15-1066 IR1066 26/01/2024 Institutional repository     EC   Central Library Central Library Central Library   EC RS 1    

© For any Suggestions or Query, please contact the library staff @ librarian@pes.edu or Phone: +9180 2672 1983/ 2108.